| 000 | 00439pam a2200157 a 4500 | ||
|---|---|---|---|
| 020 | _a0312042558 | ||
| 082 | 0 | 0 |
_a958.1045 _bURB _cL-30/II, P-219 |
| 100 | 1 |
_aUrban, Mark, _949075 |
|
| 245 | 1 | 0 |
_aWar in Afghanistan / _cMark Urban. |
| 250 | _a2nd ed. | ||
| 260 |
_aNew York : _bSt. Martin's Press, _c1990. |
||
| 300 |
_axiv, 337 p. : _bmaps ; _c23 cm. |
||
| 526 |
_a0 _b0 _c0 _d958_104500000000000_URB |
||
| 650 |
_aMCE _9379 |
||
| 942 |
_2ddc _cBK |
||
| 999 |
_c551911 _d551911 |
||